Statistics for Districts of West Sussex

Click here to take the quiz!

General Stats

  • This quiz has been taken 55 times
  • The average score is 4 of 7

Answer Stats

statusAnswer% Correct
CityCity of Chichester
82%
DistrictWorthing
70%
DistrictArun
66%
DistrictHorsham
64%
DistrictCrawley
57%
DistrictAdur
48%
DistrictMid Sussex
48%

Score Distribution

Percentile by Number Answered

Percent of People with Each Score

Your Score History

You have not taken this quiz